000 01478nam0a22003851 4500
001 v19\rc\1740671
005 20260406084008.0
035 _a(NLR Aleph) 004889281
090 _a5253499
_c5253499
100 _a20061204d1902 |||y0rusy50 ca
101 1 _arus
_cger
102 _aRU
105 _ay z |||a|
200 1 _aI. Бобровая шуба
_eКомедия в 4 д.
_aII. Красный петух
_eКомедия в 4 д.
_fГергард Гауптман
_gПер. с нем. Б. Эмануила
210 _aСанкт-Петербург
_cП.П. Гершунин
_d1902
215 _a70, 68 с.
_d19
225 1 _aОбщеобразовательная библиотека
_vВып. 3
517 0 _aБобровая шуба
517 0 _aКрасный петух
700 1 _8rus
_7ca
_aГауптман
_bГ.
_f1862-1946
_gГерхарт
_3RU\NLR\auth\7751671
_934604
702 1 _9z02790
_aЭмануил-Жуковецкий
_bБ.Я.
_gБорис Яковлевич
_4730
790 1 _9z01700
_aГауптман
_bГ.
_f1862-1946
_gГергард
790 1 _9z02702
_aЖуковецкий
_bБ.Я.
_gБорис Яковлевич
801 0 _aRU
_bNLR
_gpsbo
801 0 _aRU
_bRuMoRGB
_2psbo
801 1 _aRU
_bProSoft-M
_2rusmarc
852 _aNLR
_j34.4.4.108
899 _aRuMoRGB
_jF 109/311
899 _aRuMoRGB
_jU 367/98
899 _aRuMoRGB
_jU 367/105
899 _aБАН
899 _aНБ МГУ
942 _cBOOK
980 _aNB